📖🕯 150 premiers mots "Le Petit Chaperon rouge" Perrault - Statistiques

Statistiques générales
  • Ce quiz a Ă©tĂ© pris 214 fois
  • Le rĂ©sultat moyen est 110 sur 150
Statistiques - réponses
Mots % Correct
a
100%
Ă 
100%
et
100%
était
100%
fois
100%
Il
100%
il
100%
m'
100%
petit
100%
Petit
100%
un
100%
Un
100%
une
100%
chaperon
99%
grand
99%
grand,
99%
l'
99%
mère
99%
mère-
99%
mère,
99%
rouge,
99%
rouge.
99%
rouge
99%
fille
98%
le
98%
Le
98%
petite
97%
de
96%
qu'
96%
Loup,
94%
sa
94%
la
92%
elle
91%
qui
90%
ForĂŞt.
89%
lui
86%
malade,
85%
jour
84%
n'
84%
on
84%
dit :
82%
dit
82%
pot
82%
que
81%
ta
80%
oĂą
79%
allait ;
78%
beurre."
78%
en
78%
En
78%
se
78%
ce
77%
mais
76%
dans
75%
des
73%
demanda
71%
si
71%
"Va
69%
voir ;
69%
voir
69%
plus
68%
bien,
66%
bien
66%
porte
66%
porte-
66%
appelait
65%
galette
64%
su
63%
car
62%
pour
62%
comme
58%
jolie
54%
encore.
53%
bois
48%
eût
46%
eut
46%
aller
43%
Cette
43%
rencontra
43%
chez
38%
manger ;
38%
enfant, ...
37%
Village,
34%
Village.
34%
folle,
33%
folle
33%
fait
32%
faire
29%
femme
29%
fit
29%
partit
29%
autre
28%
bonne
27%
seyait
26%
pauvre
25%
envie
24%
étaient
19%
partout
19%
passant
18%
quelques
14%
Bûcherons
12%
aussitĂ´t
11%
cause
11%
galettes,
11%
osa,
11%
ayant
8%
compère
8%
cuit
8%
demeurait
8%
Aucun quiz correspondant
Distribution des résultats
% des personnes avec chaque résultat
Percentile par nombre de réponses
Votre historique - résultats
Vous n’avez pas pris ce quiz